Systém manažérstva kvality ako podmienka konkurencieschopnosti podniku s aplikáciou na firmu Univolt Remat, s.r.o. bakalárska práca

Saved in:
Bibliographic Details
Main Author: Dobiašová, Zuzana
Corporate Author: Obchodná fakulta EU. Katedra tovaroznalectva a kvality tovaru
Other Authors: Jurkovičová, Lujza
Format: Book
Language:Slovak
Published: Bratislava 2009
Tags: Add Tag
No Tags, Be the first to tag this record!

MARC

LEADER 00000nam$a2200000$$$4500
001 0142219
005 20240319125443.8
041 0 |a slo 
044 |a SK 
245 1 0 |a Systém manažérstva kvality ako podmienka konkurencieschopnosti podniku s aplikáciou na firmu Univolt Remat, s.r.o.  |b bakalárska práca  |c Zuzana Dobiašová ; školiteľ: Lujza Jurkovičová 
264 1 |a Bratislava  |c 2009 
300 |a 46 s. 
100 1 |a Dobiašová, Zuzana 
700 1 |a Jurkovičová, Lujza 
710 2 |a Obchodná fakulta EU. Katedra tovaroznalectva a kvality tovaru